Practical Sanskrit -English dictionary (Record no. 18341)

MARC details
000 -LEADER
fixed length control field 00458nam a2200157Ia 4500
082 ## - DEWEY DECIMAL CLASSIFICATION NUMBER
Classification number RR 491.2321 PRA;
245 #0 - TITLE STATEMENT
Title Practical Sanskrit -English dictionary
260 ## - PUBLICATION, DISTRIBUTION, ETC. (IMPRINT)
Place of publication Poona
Name of publisher Prasad Prakashan
Year of publication 1957
300 ## - PHYSICAL DESCRIPTION
Number of Pages 1297 - 1768,112p.
500 ## - GENERAL NOTE
General note Contents: Vol.3.(yeh-haa and 6 appendixes)
650 ## - SUBJECT ADDED ENTRY--TOPICAL TERM
Topical Term English language - Dictionaries
650 ## - SUBJECT ADDED ENTRY--TOPICAL TERM
Topical Term Sanskrit language - Dictionaries
700 ## - ADDED ENTRY--PERSONAL NAME
Personal name Karve, C.G.
700 ## - ADDED ENTRY--PERSONAL NAME
Personal name Gode, P.K.
942 ## - ADDED ENTRY ELEMENTS (KOHA)
Koha item type Books
Source of classification or shelving scheme Dewey Decimal Classification
Holdings
Withdrawn status Lost status Damaged status Not for loan Home library Current library Date acquired Serial Enumeration / chronology Full call number Accession Number Price effective from Koha item type
        NASSDOC Library NASSDOC Library 08/06/2004 V.1 RR 491.2321 PRA; 12436 18/04/2019 Books
        NASSDOC Library NASSDOC Library 08/06/2004 V.2 RR 491.2321 PRA; 12437 18/04/2019 Books
        NASSDOC Library NASSDOC Library 08/06/2004 V.3 RR 491.2321 PRA; 12438 18/04/2019 Books